00305pab a2200121 454500008004000000100002300040245004000063260000900103300001600112362001100128650001000139773003400149180718b2003 xxu||||| |||| 00| 0 eng d aNoronha, Frederick aCommunity radio: too many obstacles c2003 ap.1628-630. a26 Apr aRadio aEconomic and Political Weekly